| 000 | 00520nam a22001217a 4500 | ||
|---|---|---|---|
| 003 | SGT | ||
| 082 |
_a891.4309 _bB18M |
||
| 100 | _aमिश्र, गिरीश्वर | ||
| 245 | _a बहुवचन : हिंदी की अंतर्राष्ट्रीय त्रेमासिक पत्रिका | ||
| 260 |
_bमहात्मा गाँधी अंतर्राष्ट्रीय हिंदी विश्वविद्यालय _c2018 |
||
| 300 | _a152 | ||
| 942 |
_2ddc _cBK |
||
| 999 |
_c30850 _d30850 |
||